Análisis comparativo de funciones Wavelet para el método de eliminación de ruido en señales de voz
Zapisane w:
| 1. autor: | |
|---|---|
| Kolejni autorzy: | |
| Format: | Książka |
| Język: | Spanish |
| Wydane: |
[San José], Costa Rica
2021
|
| Hasła przedmiotowe: | |
| Dostęp online: | https://cedi.ucr.ac.cr/electrica/analisis-comparativo-de-funciones-wavelet-para-el-metodo-de-eliminacion-de-ruido-en-senales-de-voz/ |
| Etykiety: |
Dodaj etykietę
Nie ma etykietki, Dołącz pierwszą etykiete!
|
MARC
| LEADER | 00000nam a2200000Ia 4500 | ||
|---|---|---|---|
| 003 | 013304 | ||
| 005 | 20230509162204.0 | ||
| 008 | 140114s2021 cr a 000 ||spa d | ||
| 040 | |c cru CEDI | ||
| 100 | |a Elizondo Murillo, Josué David, 1996- |9 358 | ||
| 245 | |a Análisis comparativo de funciones Wavelet para el método de eliminación de ruido en señales de voz | ||
| 260 | |a [San José], Costa Rica |c 2021 | ||
| 500 | |a Trabajo final de graduación (licenciatura en ingeniería eléctrica)--Universidad de Costa Rica. Facultad de Ingeniería. Escuela de Ingeniería Eléctrica | ||
| 501 | |a Director de Trabajo de Graduación: Ing. Jorge Arturo Romero Chacón, PhD. | ||
| 650 | |x RUIDO |x ANALISIS MATEMATICO |x SISTEMAS DE PROCESAMIENTO DE LA VOZ |x PROCESAMIENTO DE SEÑALES - TECNICAS DIGITALES |x PROCESAMIENTO DE SONIDO POR COMPUTADORA | ||
| 700 | |9 359 |a Romero Chacón, Jorge Arturo, 1961- |d Director del TFG | ||
| 856 | |u https://cedi.ucr.ac.cr/electrica/analisis-comparativo-de-funciones-wavelet-para-el-metodo-de-eliminacion-de-ruido-en-senales-de-voz/ |y https://cedi.ucr.ac.cr/electrica/analisis-comparativo-de-funciones-wavelet-para-el-metodo-de-eliminacion-de-ruido-en-senales-de-voz/ | ||
| 942 | |c CEDI |h TFG 8455 |2 ddc |6 TFG_8455_000000000000000 | ||
| 999 | |c 12862 |d 12862 | ||
